[Event "XVIII Orsha IM 2020"]
[Site "Orsha"]
[Date "2020.01.19"]
[Round "3.3"]
[White "Makoveev, Ilya"]
[Black "Alekseev, Vadim"]
[Result "1-0"]
[WhiteElo "2277"]
[BlackElo "2354"]
[Annotator "ChessBase"]
[PlyCount "111"]
[EventDate "2020.01.18"]
[EventType "tourn"]
[EventCountry "BLR"]
[SourceTitle "playchess.com"]
[Source "ChessBase"]
[SourceQuality "1"]
[TimeControl "5400+30"]

1. e4 {[%emt 0:00:00]} e6 {[%emt 0:00:00]} 2. d4 {[%emt 0:00:00]} d5 {[%emt 0:00:00]} 3. Nc3 {[%emt 0:00:00]} Bb4 {[%emt 0:00:00]} 4. e5 {[%emt 0:00:15]} Qd7 {[%emt 0:00:57]} 5. Qg4 {[%emt 0:00:55]} Bf8 {[%emt 0:00:45]} 6. Be3 {[%emt 0:05:28]} b6 {[%emt 0:01:01]} 7. O-O-O {[%emt 0:02:52]} Ba6 {[%emt 0:02:03]} 8. Bxa6 {[%emt 0:02:00]} Nxa6 {[%emt 0:00:02]} 9. f4 {[%emt 0:03:00]} Ne7 {[%emt 0:02:08]} 10. Nge2 {[%emt 0:14:42]} O-O-O {[%emt 0:04:13]} 11. Qf3 {[%emt 0:03:09]} h5 {[%emt 0:02:14]} 12. g3 {[%emt 0:00:59]} Kb8 {[%emt 0:06:00]} 13. h3 {[%emt 0:01:04]} Rc8 {[%emt 0:03:49]} 14. g4 {[%emt 0:02:44]} g6 {[%emt 0:02:39]} 15. Rhf1 {[%emt 0:06:34]} c6 {[%emt 0:06:28]} 16. Kb1 {[%emt 0:03:19]} Nc7 {[%emt 0:01:12]} 17. Bf2 {[%emt 0:06:30]} Nb5 {[%emt 0:03:38]} 18. Rd3 {[%emt 0:17:48]} Nxc3+ {[%emt 0:01:33]} 19. Rxc3 {[%emt 0:01:20]} Bg7 {[%emt 0:02:53]} 20. Ng3 {[%emt 0:07:32]} h4 {[%emt 0:05:21]} 21. Ne2 {[%emt 0:00:09]} Rcf8 {[%emt 0:00:15]} 22. Ng1 {[%emt 0:01:53]} f6 {[%emt 0:01:30]} 23. exf6 {[%emt 0:01:51]} Rxf6 {[%emt 0:00:31]} 24. Qe2 {[%emt 0:03:35]} Kb7 {[%emt 0:01:14]} 25. Be3 {[%emt 0:02:27]} g5 {[%emt 0:05:53]} 26. Nf3 {[%emt 0:02:12]} gxf4 {[%emt 0:00:53]} 27. Ne5 {[%emt 0:00:07]} Qe8 {[%emt 0:00:18]} 28. Bxf4 {[%emt 0:03:50]} Rhf8 {[%emt 0:11:18]} 29. Rcf3 {[%emt 0:00:06]} Ng6 {[%emt 0:07:45]} 30. Bh2 {[%emt 0:00:06]} Rxf3 {[%emt 0:01:48]} 31. Rxf3 {[%emt 0:00:03]} Bxe5 {[%emt 0:02:43]} 32. Bxe5 {[%emt 0:00:13]} c5 {[%emt 0:03:25]} 33. b3 {[%emt 0:02:42]} cxd4 {[%emt 0:01:43]} 34. Bxd4 {[%emt 0:00:08]} e5 {[%emt 0:02:50]} 35. Be3 {[%emt 0:01:49]} e4 {[%emt 0:02:35]} 36. Rxf8 {[%emt 0:02:21]} Qxf8 {[%emt 0:01:19]} 37. Qb5 {[%emt 0:00:29]} Qf7 {[%emt 0:03:54]} 38. a4 {[%emt 0:00:09]} Ne5 {[%emt 0:03:07]} 39. a5 {[%emt 0:00:17]} Qe6 {[%emt 0:01:09]} 40. a6+ {[%emt 0:02:50]} Kc8 {[%emt 0:00:05]} 41. Qb4 {[%emt 0:00:47]} Qf6 {[%emt 0:02:04]} 42. Qc3+ {[%emt 0:00:06]} Kd7 {[%emt 0:00:08]} 43. Bxb6 {[%emt 0:01:16]} Qf1+ {[%emt 0:05:53]} 44. Kb2 {[%emt 0:00:00]} Nc6 {[%emt 0:00:21]} 45. Qg7+ {[%emt 0:00:40]} Ke6 {[%emt 0:00:12]} 46. Qb7 {[%emt 0:01:23]} Qf6+ {[%emt 0:00:53]} 47. c3 {[%emt 0:00:06]} Nb4 {[%emt 0:01:06]} 48. Qc8+ {[%emt 0:00:58]} Kf7 {[%emt 0:00:11]} 49. Qd7+ {[%emt 0:00:47]} Kg8 {[%emt 0:00:15]} 50. Qe8+ {[%emt 0:00:13]} Kh7 {[%emt 0:00:17]} 51. Qd7+ {[%emt 0:01:09]} Kg8 {[%emt 0:00:23]} 52. Qc8+ {[%emt 0:00:35]} Kf7 {[%emt 0:00:12]} 53. Qb7+ {[%emt 0:00:30]} Kg6 {[%emt 0:00:10]} 54. Bd4 {[%emt 0:00:09]} Nd3+ {[%emt 0:01:43]} 55. Kc2 {[%emt 0:00:24]} Ne5 {[%emt 0:00:41]} 56. Qxd5 {[%emt 0:00:20]} 1-0

[Event "XVIII Orsha IM 2020"]
[Site "Orsha"]
[Date "2020.01.19"]
[Round "3.4"]
[White "Goltseva, Ekaterina"]
[Black "Runets, Ivan"]
[Result "1/2-1/2"]
[WhiteElo "2304"]
[BlackElo "2304"]
[Annotator "ChessBase"]
[PlyCount "88"]
[EventDate "2020.01.18"]
[EventType "tourn"]
[EventCountry "BLR"]
[SourceTitle "playchess.com"]
[Source "ChessBase"]
[SourceQuality "1"]
[TimeControl "5400+30"]

1. d4 {[%emt 0:00:00]} Nf6 {[%emt 0:01:32]} 2. c4 {[%emt 0:00:09]} e6 {[%emt 0:00:11]} 3. Nc3 {[%emt 0:00:51]} d5 {[%emt 0:00:07]} 4. cxd5 {[%emt 0:01:08]} exd5 {[%emt 0:00:02]} 5. Bg5 {[%emt 0:00:09]} c6 {[%emt 0:00:05]} 6. e3 {[%emt 0:00:42]} Be7 {[%emt 0:00:09]} 7. Qc2 {[%emt 0:00:46]} Nbd7 {[%emt 0:00:10]} 8. Bd3 {[%emt 0:00:41]} O-O {[%emt 0:00:09]} 9. Nge2 {[%emt 0:00:21]} Re8 {[%emt 0:00:13]} 10. O-O {[%emt 0:05:08]} Nf8 {[%emt 0:00:34]} 11. f3 {[%emt 0:05:41]} Be6 {[%emt 0:02:28]} 12. Rad1 {[%emt 0:04:11]} Ng6 {[%emt 0:02:11]} 13. Ng3 {[%emt 0:10:08]} Rc8 {[%emt 0:14:27]} 14. Nf5 {[%emt 0:04:14]} Bf8 {[%emt 0:00:12]} 15. Qf2 {[%emt 0:14:06]} h6 {[%emt 0:04:43]} 16. Bh4 {[%emt 0:01:05]} Nxh4 {[%emt 0:00:24]} 17. Qxh4 {[%emt 0:00:13]} Rc7 {[%emt 0:08:07]} 18. Rfe1 {[%emt 0:02:39]} a6 {[%emt 0:07:12]} 19. Bb1 {[%emt 0:08:52]} c5 {[%emt 0:07:40]} 20. Kh1 {[%emt 0:01:49]} c4 {[%emt 0:06:08]} 21. g4 {[%emt 0:13:26]} b5 {[%emt 0:03:41]} 22. g5 {[%emt 0:11:42]} Nh7 {[%emt 0:05:17]} 23. gxh6 {[%emt 0:02:27]} Bxf5 {[%emt 0:03:05]} 24. Qxd8 {[%emt 0:00:14]} Rxd8 {[%emt 0:00:24]} 25. hxg7 {[%emt 0:01:00]} Bxg7 {[%emt 0:07:00]} 26. Bxf5 {[%emt 0:00:05]} b4 {[%emt 0:01:07]} 27. Ne2 {[%emt 0:02:49]} Re7 {[%emt 0:04:01]} 28. Ng3 {[%emt 0:03:18]} Rde8 {[%emt 0:01:15]} 29. e4 {[%emt 0:00:38]} Ng5 {[%emt 0:10:02]} 30. Kg2 {[%emt 0:01:26]} dxe4 {[%emt 0:01:07]} 31. fxe4 {[%emt 0:00:25]} Rd8 {[%emt 0:00:52]} 32. e5 {[%emt 0:00:35]} Ne6 {[%emt 0:00:38]} 33. Bxe6 {[%emt 0:01:30]} fxe6 {[%emt 0:00:02]} 34. Re4 {[%emt 0:01:49]} Rd5 {[%emt 0:00:47]} 35. Rc1 {[%emt 0:01:18]} Rc7 {[%emt 0:00:11]} 36. a3 {[%emt 0:00:46]} c3 {[%emt 0:03:46]} 37. axb4 {[%emt 0:01:21]} cxb2 {[%emt 0:00:56]} 38. Rb1 {[%emt 0:00:12]} Rc4 {[%emt 0:00:27]} 39. Rxb2 {[%emt 0:00:50]} Rdxd4 {[%emt 0:00:07]} 40. Rxd4 {[%emt 0:00:30]} Rxd4 {[%emt 0:00:02]} 41. Ra2 {[%emt 0:00:36]} Rxb4 {[%emt 0:00:38]} 42. Rxa6 {[%emt 0:00:06]} Bxe5 {[%emt 0:00:30]} 43. Rxe6 {[%emt 0:00:07]} Bxg3 {[%emt 0:00:03]} 44. hxg3 {[%emt 0:00:06]} Kg7 {[%emt 0:00:06]} 1/2-1/2

[Event "XVIII Orsha IM 2020"]
[Site "Orsha"]
[Date "2020.01.19"]
[Round "3.5"]
[White "Tsaruk, Maksim"]
[Black "Markelova, Lubov"]
[Result "1-0"]
[WhiteElo "2316"]
[BlackElo "2200"]
[Annotator "ChessBase"]
[PlyCount "101"]
[EventDate "2020.01.18"]
[EventType "tourn"]
[EventCountry "BLR"]
[SourceTitle "playchess.com"]
[Source "ChessBase"]
[SourceQuality "1"]
[TimeControl "5400+30"]

1. e4 {[%emt 0:00:00]} e6 {[%emt 0:00:00]} 2. d4 {[%emt 0:00:00]} d5 {[%emt 0:00:00]} 3. Nd2 {[%emt 0:00:00]} c5 {[%emt 0:00:00]} 4. exd5 {[%emt 0:00:00]} exd5 {[%emt 0:00:10]} 5. Ngf3 {[%emt 0:00:30]} Nf6 {[%emt 0:00:26]} 6. Bb5+ {[%emt 0:00:48]} Bd7 {[%emt 0:00:06]} 7. Bxd7+ {[%emt 0:01:09]} Nbxd7 {[%emt 0:00:07]} 8. O-O {[%emt 0:00:05]} Be7 {[%emt 0:00:06]} 9. dxc5 {[%emt 0:00:18]} Nxc5 {[%emt 0:00:08]} 10. Re1 {[%emt 0:00:59]} O-O {[%emt 0:00:37]} 11. Nf1 {[%emt 0:01:23]} Nce4 {[%emt 0:04:45]} 12. Be3 {[%emt 0:03:45]} Bc5 {[%emt 0:06:46]} 13. Bxc5 {[%emt 0:08:19]} Nxc5 {[%emt 0:00:06]} 14. Ne3 {[%emt 0:00:06]} Re8 {[%emt 0:03:39]} 15. Qd2 {[%emt 0:04:56]} Qd7 {[%emt 0:03:32]} 16. Rad1 {[%emt 0:11:19]} Rad8 {[%emt 0:00:51]} 17. Qb4 {[%emt 0:19:08]} b6 {[%emt 0:13:53]} 18. a3 {[%emt 0:00:06]} Qc8 {[%emt 0:09:53]} 19. Nd4 {[%emt 0:20:18]} Nce4 {[%emt 0:08:56]} 20. Nef5 {[%emt 0:08:30]} Qc7 {[%emt 0:11:42]} 21. f3 {[%emt 0:01:38]} a5 {[%emt 0:04:13]} 22. Qb5 {[%emt 0:00:25]} Nd6 {[%emt 0:04:48]} 23. Nxd6 {[%emt 0:03:41]} Qxd6 {[%emt 0:01:19]} 24. Nc6 {[%emt 0:08:50]} Rc8 {[%emt 0:02:21]} 25. Rxe8+ {[%emt 0:03:18]} Rxe8 {[%emt 0:02:03]} 26. Nd4 {[%emt 0:02:54]} g6 {[%emt 0:06:38]} 27. Qc6 {[%emt 0:00:12]} Qxc6 {[%emt 0:07:44]} 28. Nxc6 {[%emt 0:00:01]} Kf8 {[%emt 0:01:28]} 29. Kf2 {[%emt 0:00:01]} Rc8 {[%emt 0:00:59]} 30. Nd4 {[%emt 0:00:01]} Ke7 {[%emt 0:01:05]} 31. Ke3 {[%emt 0:00:16]} Kd6 {[%emt 0:02:49]} 32. Kd2 {[%emt 0:00:06]} Kc5 {[%emt 0:01:34]} 33. Ne2 {[%emt 0:01:21]} Nd7 {[%emt 0:02:56]} 34. Kc1 {[%emt 0:00:07]} Ne5 {[%emt 0:00:41]} 35. Nc3 {[%emt 0:02:14]} d4 {[%emt 0:00:38]} 36. Na4+ {[%emt 0:00:24]} Kc6 {[%emt 0:00:30]} 37. Rxd4 {[%emt 0:00:07]} b5 {[%emt 0:00:19]} 38. Nc3 {[%emt 0:00:05]} f5 {[%emt 0:00:27]} 39. Rd5 {[%emt 0:01:29]} Re8 {[%emt 0:00:40]} 40. Rxb5 {[%emt 0:00:30]} Nc4 {[%emt 0:00:16]} 41. Rd5 {[%emt 0:00:06]} a4 {[%emt 0:00:48]} 42. Rd1 {[%emt 0:00:20]} Nb6 {[%emt 0:00:29]} 43. Rf1 {[%emt 0:01:11]} g5 {[%emt 0:00:28]} 44. g4 {[%emt 0:00:27]} Re5 {[%emt 0:00:31]} 45. f4 {[%emt 0:00:29]} gxf4 {[%emt 0:00:22]} 46. Rxf4 {[%emt 0:00:05]} fxg4 {[%emt 0:00:10]} 47. Rxg4 {[%emt 0:00:06]} Re1+ {[%emt 0:00:51]} 48. Kd2 {[%emt 0:00:08]} Rh1 {[%emt 0:00:09]} 49. Rh4 {[%emt 0:00:07]} h5 {[%emt 0:00:25]} 50. Kd3 {[%emt 0:00:53]} Nc8 {[%emt 0:01:36]} 51. Ke4 {[%emt 0:02:19]} 1-0

[Event "XVIII Orsha IM 2020"]
[Site "Orsha"]
[Date "2020.01.20"]
[Round "4.1"]
[White "Gogolev, Artem"]
[Black "Markelova, Lubov"]
[Result "1-0"]
[WhiteElo "2328"]
[BlackElo "2200"]
[Annotator "RC"]
[PlyCount "69"]
[EventDate "2020.01.18"]
[EventType "tourn"]
[EventCountry "BLR"]
[SourceTitle "playchess.com"]
[Source "ChessBase"]
[SourceQuality "1"]
[TimeControl "5400+30"]

1. d4 {[%emt 0:11:55]} d5 {[%emt 0:00:00]} 2. c4 {[%emt 0:00:06]} c6 {[%emt 0:00:00]} 3. Nf3 {[%emt 0:00:13]} Nf6 {[%emt 0:00:41]} 4. e3 {[%emt 0:00:14]} Bf5 {[%emt 0:01:07]} 5. Nc3 {[%emt 0:00:17]} e6 {[%emt 0:00:25]} 6. Nh4 {[%emt 0:00:24]} Be4 {[%emt 0:00:24]} 7. f3 {[%emt 0:00:12]} Bg6 {[%emt 0:00:05]} 8. Qb3 {[%emt 0:00:22]} Qc7 {[%emt 0:02:48]} 9. cxd5 {[%emt 0:01:06]} exd5 {[%emt 0:01:29]} 10. e4 {[%emt 0:18:34]} dxe4 {[%emt 0:06:34]} 11. Nxg6 {[%emt 0:00:14]} hxg6 {[%emt 0:00:06]} 12. fxe4 {[%emt 0:00:12]} Nbd7 {[%emt 0:08:51]} 13. e5 {[%emt 0:16:35]} Nxe5 {[%emt 0:03:03]} 14. dxe5 {[%emt 0:00:16]} Qxe5+ {[%emt 0:00:04]} 15. Be2 {[%emt 0:01:08]} Rxh2 {[%emt 0:21:31]} 16. Rxh2 {[%emt 0:04:29]} Qg3+ {[%emt 0:00:06]} 17. Kd1 {[%emt 0:03:14]} O-O-O+ {[%emt 0:02:40]} 18. Kc2 {[%emt 0:02:16]} Qxh2 {[%emt 0:02:01]} 19. Qxf7 {[%emt 0:03:34]} Qg3 {[%emt 0:21:16]} 20. Bd2 {[%emt 0:06:23]} Bb4 {[%emt 0:09:14]} 21. Qe6+ {[%emt 0:01:49]} Kb8 {[%emt 0:01:11]} 22. Qe3 {[%emt 0:05:12]} Qxg2 {[%emt 0:06:06]} 23. Rg1 {[%emt 0:00:31]} Qh2 {[%emt 0:00:33]} 24. Qf4+ {[%emt 0:00:25]} Qxf4 {[%emt 0:01:41]} 25. Bxf4+ {[%emt 0:00:06]} Bd6 {[%emt 0:00:38]} 26. Bxd6+ {[%emt 0:01:36]} Rxd6 {[%emt 0:00:04]} 27. Rxg6 {[%emt 0:00:07]} Rd7 {[%emt 0:00:07]} 28. Bd3 {[%emt 0:01:43]} Re7 {[%emt 0:00:31]} 29. Rg2 {[%emt 0:00:41]} Kc7 {[%emt 0:00:22]} 30. a3 {[%emt 0:00:40]} a5 {[%emt 0:01:34]} 31. Ne2 {[%emt 0:01:33]} Nd5 {[%emt 0:00:26]} 32. Rg5 {[%emt 0:01:06]} b5 {[%emt 0:01:06]} 33. Nd4 {[%emt 0:01:10]} Ne3+ {[%emt 0:02:22]} 34. Kd2 {[%emt 0:00:37]} Kb6 {[%emt 0:04:01]} 35. Rg6 {[%emt 0:02:21]} 1-0

[Event "XVIII Orsha IM 2020"]
[Site "Orsha"]
[Date "2020.01.20"]
[Round "4.2"]
[White "Runets, Ivan"]
[Black "Tsaruk, Maksim"]
[Result "1/2-1/2"]
[WhiteElo "2304"]
[BlackElo "2316"]
[Annotator "RC"]
[PlyCount "107"]
[EventDate "2020.01.18"]
[EventType "tourn"]
[EventCountry "BLR"]
[SourceTitle "playchess.com"]
[Source "ChessBase"]
[SourceQuality "1"]
[TimeControl "5400+30"]

1. d4 {[%emt 0:01:47]} d5 {[%emt 0:00:00]} 2. c4 {[%emt 0:00:07]} dxc4 {[%emt 0:00:00]} 3. e3 {[%emt 0:00:03]} Nf6 {[%emt 0:00:00]} 4. Bxc4 {[%emt 0:00:26]} e6 {[%emt 0:00:04]} 5. Nf3 {[%emt 0:00:35]} c5 {[%emt 0:00:09]} 6. O-O {[%emt 0:00:08]} a6 {[%emt 0:00:03]} 7. Bb3 {[%emt 0:00:50]} Nc6 {[%emt 0:00:40]} 8. Nc3 {[%emt 0:00:18]} Be7 {[%emt 0:00:14]} 9. dxc5 {[%emt 0:10:05]} Bxc5 {[%emt 0:00:29]} 10. Qxd8+ {[%emt 0:01:48]} Kxd8 {[%emt 0:00:09]} 11. a3 {[%emt 0:06:05]} Ke7 {[%emt 0:23:04]} 12. Bd2 {[%emt 0:02:09]} Rd8 {[%emt 0:12:54]} 13. Rfc1 {[%emt 0:05:08]} Ba7 {[%emt 0:17:31]} 14. Be1 {[%emt 0:10:48]} Bd7 {[%emt 0:07:12]} 15. Na2 {[%emt 0:13:16]} Rac8 {[%emt 0:11:35]} 16. Nb4 {[%emt 0:04:27]} Bb8 {[%emt 0:00:04]} 17. Nd3 {[%emt 0:05:31]} Ne4 {[%emt 0:00:53]} 18. Nc5 {[%emt 0:07:01]} Nxc5 {[%emt 0:00:15]} 19. Rxc5 {[%emt 0:00:02]} Bd6 {[%emt 0:04:36]} 20. Rc3 {[%emt 0:05:12]} Ne5 {[%emt 0:03:56]} 21. Nd4 {[%emt 0:01:00]} Rxc3 {[%emt 0:00:22]} 22. Bxc3 {[%emt 0:00:08]} Rc8 {[%emt 0:00:09]} 23. Rc1 {[%emt 0:05:22]} Nd3 {[%emt 0:04:44]} 24. Rd1 {[%emt 0:06:25]} Nc5 {[%emt 0:00:08]} 25. Bb4 {[%emt 0:00:43]} a5 {[%emt 0:02:43]} 26. Bxc5 {[%emt 0:00:26]} Bxc5 {[%emt 0:00:06]} 27. Ne2 {[%emt 0:01:53]} Bd6 {[%emt 0:04:52]} 28. Rc1 {[%emt 0:01:11]} Rxc1+ {[%emt 0:03:00]} 29. Nxc1 {[%emt 0:00:03]} h5 {[%emt 0:00:43]} 30. h4 {[%emt 0:01:49]} g6 {[%emt 0:01:14]} 31. Bc2 {[%emt 0:01:53]} Be5 {[%emt 0:00:59]} 32. Nd3 {[%emt 0:00:23]} Bf6 {[%emt 0:00:04]} 33. g3 {[%emt 0:01:02]} Bc6 {[%emt 0:00:05]} 34. a4 {[%emt 0:00:52]} Kd6 {[%emt 0:01:29]} 35. Kf1 {[%emt 0:01:25]} Be4 {[%emt 0:01:03]} 36. Ke2 {[%emt 0:01:32]} b6 {[%emt 0:01:50]} 37. b3 {[%emt 0:00:22]} Bc3 {[%emt 0:00:35]} 38. Nb4 {[%emt 0:02:47]} Bb7 {[%emt 0:00:02]} 39. Na2 {[%emt 0:00:04]} Bb2 {[%emt 0:00:15]} 40. Bd3 {[%emt 0:00:12]} Bd5 {[%emt 0:00:09]} 41. Bc2 {[%emt 0:00:40]} b5 {[%emt 0:01:35]} 42. axb5 {[%emt 0:03:35]} Kc5 {[%emt 0:00:01]} 43. e4 {[%emt 0:00:10]} Bb7 {[%emt 0:00:15]} 44. Bd3 {[%emt 0:00:16]} Bd4 {[%emt 0:01:01]} 45. f3 {[%emt 0:01:31]} Bc8 {[%emt 0:00:44]} 46. Bc4 {[%emt 0:00:34]} Bd7 {[%emt 0:00:18]} 47. Nc1 {[%emt 0:00:31]} Bxb5 {[%emt 0:00:39]} 48. Nd3+ {[%emt 0:00:03]} Kb6 {[%emt 0:00:05]} 49. Bxb5 {[%emt 0:00:03]} Kxb5 {[%emt 0:00:03]} 50. f4 {[%emt 0:00:19]} Kc6 {[%emt 0:01:24]} 51. Kf3 {[%emt 0:01:29]} Kd6 {[%emt 0:00:12]} 52. g4 {[%emt 0:00:40]} f5 {[%emt 0:00:32]} 53. g5 {[%emt 0:00:30]} Bc3 {[%emt 0:00:39]} 54. Ke3 {[%emt 0:01:21] Ke5} 1/2-1/2

[Event "XVIII Orsha IM 2020"]
[Site "Orsha"]
[Date "2020.01.20"]
[Round "4.3"]
[White "Alekseev, Vadim"]
[Black "Goltseva, Ekaterina"]
[Result "1/2-1/2"]
[WhiteElo "2354"]
[BlackElo "2304"]
[Annotator "RC"]
[PlyCount "73"]
[EventDate "2020.01.18"]
[EventType "tourn"]
[EventCountry "BLR"]
[SourceTitle "playchess.com"]
[Source "ChessBase"]
[SourceQuality "1"]
[TimeControl "5400+30"]

1. e4 {[%emt 0:00:00]} e5 {[%emt 0:00:32]} 2. Nc3 {[%emt 0:00:00]} Nf6 {[%emt 0:00:25]} 3. g3 {[%emt 0:00:00]} d5 {[%emt 0:02:40]} 4. exd5 {[%emt 0:00:00]} Nxd5 {[%emt 0:00:02]} 5. Bg2 {[%emt 0:00:00]} Nxc3 {[%emt 0:00:27]} 6. bxc3 {[%emt 0:00:04]} Nc6 {[%emt 0:03:04]} 7. Ne2 {[%emt 0:01:50]} Bd6 {[%emt 0:03:56]} 8. d4 {[%emt 0:04:02]} O-O {[%emt 0:02:12]} 9. O-O {[%emt 0:07:10]} Bg4 {[%emt 0:04:19]} 10. Rb1 {[%emt 0:05:51]} Rb8 {[%emt 0:10:10]} 11. d5 {[%emt 0:08:18]} Na5 {[%emt 0:03:39]} 12. h3 {[%emt 0:02:06]} Bh5 {[%emt 0:06:46]} 13. g4 {[%emt 0:10:21]} Bg6 {[%emt 0:00:15]} 14. Ng3 {[%emt 0:03:56]} Nc4 {[%emt 0:06:17]} 15. Qe2 {[%emt 0:01:18]} b5 {[%emt 0:04:10]} 16. a4 {[%emt 0:05:00]} a6 {[%emt 0:00:42]} 17. axb5 {[%emt 0:00:54]} axb5 {[%emt 0:00:06]} 18. Be4 {[%emt 0:01:09]} Be7 {[%emt 0:09:15]} 19. Rd1 {[%emt 0:06:10]} Bxe4 {[%emt 0:11:42]} 20. Qxe4 {[%emt 0:03:45]} g6 {[%emt 0:00:45]} 21. Bh6 {[%emt 0:06:28]} Re8 {[%emt 0:00:32]} 22. Be3 {[%emt 0:03:34]} Bg5 {[%emt 0:09:37]} 23. Qf3 {[%emt 0:02:24]} Nd6 {[%emt 0:03:26]} 24. Ne4 {[%emt 0:02:59]} Nxe4 {[%emt 0:05:00]} 25. Qxe4 {[%emt 0:00:07]} Bxe3 {[%emt 0:02:16]} 26. Qxe3 {[%emt 0:03:48]} Qd7 {[%emt 0:01:49]} 27. Ra1 {[%emt 0:01:21]} Qd6 {[%emt 0:03:56]} 28. Ra7 {[%emt 0:02:55]} Ra8 {[%emt 0:00:21]} 29. Rxa8 {[%emt 0:01:51]} Rxa8 {[%emt 0:00:04]} 30. Qe2 {[%emt 0:02:20]} Ra3 {[%emt 0:01:13]} 31. Rd3 {[%emt 0:02:06]} Ra1+ {[%emt 0:00:27]} 32. Kg2 {[%emt 0:00:08]} Ra4 {[%emt 0:00:24]} 33. f3 {[%emt 0:01:41]} Rc4 {[%emt 0:01:44]} 34. Re3 {[%emt 0:03:34]} Qxd5 {[%emt 0:00:33]} 35. Rxe5 {[%emt 0:00:06]} Qd6 {[%emt 0:00:31]} 36. Rxb5 {[%emt 0:04:10]} Rxc3 {[%emt 0:00:24]} 37. Rb3 {[%emt 0:00:13]} 1/2-1/2

[Event "XVIII Orsha IM 2020"]
[Site "Orsha"]
[Date "2020.01.20"]
[Round "4.4"]
[White "Shkalov, Oleg"]
[Black "Makoveev, Ilya"]
[Result "1/2-1/2"]
[WhiteElo "2151"]
[BlackElo "2277"]
[Annotator "TA"]
[PlyCount "68"]
[EventDate "2020.01.18"]
[EventType "tourn"]
[EventCountry "BLR"]
[SourceTitle "playchess.com"]
[Source "ChessBase"]
[SourceQuality "1"]

{[%evp 20,68,21,15,25,15,29,35,34,0,44,0,0,18,6,6,32,26,11,-17,-37,-142,-132,-271,-265,-272,-272,-271,-247,-176,-72,-80,-68,-68,-80,-163,-166,-480,-480,-460,-354,-316,0,0,0,0,0,0,0,0,0]} 1. Nf3 Nf6 2. c4 g6 3. Nc3 Bg7 4. e4 O-O 5. d4 d6 6. h3 e5 7. d5 a5 8. g4 Na6 9. Bg5 Nc5 10. Nd2 c6 11. Be2 a4 {E92: King's Indian: Classical: 6 Be2 e5: 7 dxe5, 7 Be3 and Petrosian System without 7...Nbd7} (11... Bd7 12. Be3 a4 13. h4 Qa5 14. Kf1 a3 15. Nb3 Nxb3 16. axb3 Qb4 17. Bd2 axb2 18. Rb1 Ra1 19. g5 {½-½ (70) Zou,C (2397)-Oleksienko,M (2598) Qinhuangdao 2019}) 12. a3 Qa5 $146 ({Predecessor:} 12... Bd7 13. Be3 Qa5 14. Kf1 h6 15. h4 Qd8 16. g5 hxg5 17. Bxg5 cxd5 18. cxd5 {1-0 (31) Kozlovsky,A (2331)-Salzmann,S (2236) ICCF email 2013}) 13. Kf1 Bd7 {White is slightly better.} 14. h4 cxd5 15. cxd5 b5 16. Be3 b4 $36 {[%mdl 2048] Black has good play.} 17. Nc4 Qd8 18. axb4 Ncxe4 19. Nxe4 Nxe4 20. g5 (20. Nb6 $15) 20... Rb8 21. Bd3 (21. Qe1 $17 f5 22. Bd3) 21... Rxb4 $19 22. Qe1 Qb8 23. Nb6 Rxb6 24. Bxb6 {[#]} Qxb6 (24... Ng3+ $1 $19 {[%mdl 512] is more deadly.} 25. fxg3 Qxb6) 25. Bxe4 $17 f5 26. gxf6 $1 Rxf6 27. Ra3 (27. h5 $17 {is a better defense.}) 27... Qxb2 $19 28. Rf3 $2 (28. Ra1) 28... Rxf3 29. Bxf3 {[#]} e4 $1 {[%mdl 512]} 30. Qxe4 Bb5+ $2 (30... a3 $19 {And now ...a2 would win.} 31. Bg4 Qb5+ 32. Kg2 Bxg4 {[%mdl 64] Overworked Piece} 33. Qxg4 Qxd5+ 34. f3 Be5 35. Qc8+ Kg7 36. Qc7+ Qf7) 31. Kg2 $11 {The position is equal.} Bd4 {[#]} 32. Be2 $1 {[%mdl 576] Decoy} Bxe2 (32... Qxe2 33. Qxd4) 33. Qe8+ Kg7 {Strongly threatening ...Bf3+!} 34. Qe7+ {[%mdl 64] Double Attack} Kh6 {Accuracy: White = 44%, Black = 56%.} 1/2-1/2

[Event "XVIII Orsha IM 2020"]
[Site "Orsha"]
[Date "2020.01.21"]
[Round "5.1"]
[White "Kononenko, Dmitry"]
[Black "Gogolev, Artem"]
[Result "1/2-1/2"]
[WhiteElo "2321"]
[BlackElo "2328"]
[Annotator "TA"]
[PlyCount "36"]
[EventDate "2020.01.18"]
[EventType "tourn"]
[EventCountry "BLR"]
[SourceTitle "playchess.com"]
[Source "ChessBase"]
[SourceQuality "1"]

{[%evp 9,36,14,20,0,0,-3,20,-8,39,-8,9,0,43,22,22,19,22,18,24,15,19,0,0,0,5,-6,-12,-54,-61]} 1. d4 Nf6 2. g3 d5 3. Nf3 b5 (3... c5 4. Bg2 cxd4 5. O-O Bd7 6. Nxd4 e5 7. Nb3 Be6 8. Bg5 Nbd7 9. Nc3 Be7 10. Qd3 O-O 11. Rad1 d4 12. Bxf6 Nxf6 13. Ne4 Qc7 14. Nxf6+ Bxf6 15. c3 dxc3 16. Qxc3 Qxc3 17. bxc3 {0-1 (61) So,W (2760)-Nakamura,H (2741) Kolkata 2019}) 4. a4 b4 5. Bg2 e6 6. c4 {D02: 1 d4 d5 2 Nf3 sidelines, including 2...Nf6 3 g3 and 2...Nf6 3 Bf4} bxc3 7. bxc3 {[%cal Bb2c3,Bc3c4][%mdl 32]} c5 8. O-O {The position is equal.} Nbd7 9. Bf4 Be7 $146 ({Predecessor:} 9... Ba6 10. Re1 cxd4 11. cxd4 Bb4 12. Bd2 Rb8 {½-½ (64) Le Bihan,A (1669)-Chung,M (1949) Montbeliard 2014}) 10. c4 cxd4 11. Nxd4 {[#] aiming for Nc6.} Bb7 12. Nb5 {Black must now prevent Nc7+.} O-O 13. Bc7 $36 {[%mdl 2048] White is pushing.} Qc8 14. Bd6 Qd8 $1 15. Bc7 Qc8 16. Bd6 Qd8 $1 17. Bxe7 Qxe7 18. Nc7 Rad8 {Accuracy: White = 48%, Black = 46%.} 1/2-1/2

[Event "XVIII Orsha IM 2020"]
[Site "Orsha"]
[Date "2020.01.21"]
[Round "5.2"]
[White "Makoveev, Ilya"]
[Black "Novitzkij, Dmitrij"]
[Result "1-0"]
[WhiteElo "2277"]
[BlackElo "2329"]
[Annotator "TA"]
[PlyCount "47"]
[EventDate "2020.01.18"]
[EventType "tourn"]
[EventCountry "BLR"]
[SourceTitle "playchess.com"]
[Source "ChessBase"]
[SourceQuality "1"]

{[%evp 12,47,56,40,58,49,124,107,120,128,174,173,235,256,280,273,279,289,329,296,716,714,942,895,837,739,735,725,955,952,820,811,956,868,861,842,818,735]} 1. e4 e5 2. Nf3 Nc6 3. Bb5 g6 4. c3 Bg7 5. d4 exd4 6. cxd4 Nge7 7. O-O O-O {C60: Ruy Lopez: Unusual Black 3rd moves and 3...g6} (7... d5 8. Bxc6+ Nxc6 9. exd5 Ne7 10. Nc3 O-O 11. Qb3 h6 12. Bf4 b6 13. Qc4 Bb7 14. Bxc7 Qd7 15. Ne5 Bxe5 16. dxe5 Nxd5 {1-0 (24) Zhigalko,A (2584)-Stevic,H (2615) Belgium 2014}) 8. d5 Nb8 (8... Ne5 $14) 9. d6 $16 cxd6 {White is better.} 10. Qxd6 Nec6 11. Nc3 a6 (11... Na6 $142 12. Bf4 b6) 12. Bc4 $18 b5 13. Bg5 $146 ({Predecessor:} 13. Bb3 Qe7 14. Bf4 Bxc3 15. bxc3 {1-0 (23) Rasin,J-Buratti,M San Benedetto 1989}) 13... Qe8 14. Bd5 Bb7 15. e5 h6 $2 {[#]} (15... a5 16. Bf6 Na6 17. Bxg7 Kxg7 18. Qf6+ Kg8 19. Nxb5 Nab4) 16. Bxh6 $1 {[%mdl 512] White wants to mate with Qxg6.White is clearly winning.} Kh7 (16... Bxh6 17. Qxg6+) 17. Bxg7 Kxg7 18. Qf6+ Kh6 19. Ne4 {[%cal Bc3e4,Be4d6,Bd6b7,Bb7c5][%mdl 32]} Qd8 20. Qf4+ Kg7 21. Nd6 f6 22. Nxb7 fxe5 23. Qe3 Qe7 24. Nc5 {Accuracy: White = 89%, Black = 27%.} 1-0